| 000 | 00927cam a22002773a 4500 | ||
|---|---|---|---|
| 001 | 24488 | ||
| 003 | PGUSA | ||
| 005 | 20140828083526.0 | ||
| 008 | 080202s2008||||xxu|||||s|||||000 1 eng d | ||
| 040 |
_aPGUSA _beng |
||
| 042 | _adc | ||
| 050 | 4 | _aPZ | |
| 100 | 1 |
_aAbbott, Jacob, _d1803-1879 |
|
| 245 | 1 | 0 |
_aRollo in Naples _h[electronic resource] / _cJacob Abbott |
| 260 |
_bProject Gutenberg, _c2008 |
||
| 506 | _aPublic domain in the USA. | ||
| 516 | _aElectronic text | ||
| 653 | _aVesuvius (Italy) -- Description and travel -- Juvenile literature | ||
| 653 | _aConduct of life -- Juvenile fiction | ||
| 653 | _aPompeii (Extinct city) -- Description and travel -- Juvenile literature | ||
| 653 | _aUncles -- Juvenile fiction | ||
| 653 | _aNaples (Italy) -- Description and travel -- Juvenile literature | ||
| 830 | 0 |
_aProject Gutenberg _v24488 |
|
| 856 | 4 | 0 | _uhttp://www.gutenberg.org/ebooks/24488 |
| 942 | _cEB | ||
| 999 |
_c253743 _d253743 |
||